Statistics for Los Angeles Lakers Quiz

Click here to take the quiz!

General Stats

  • This quiz has been taken 186 times
  • The average score is 5 of 7

Answer Stats

QuestionAnswer% Correct
It's the 22/1/2006. How many points did Kobe score in that historic game?81
95%
In what year did Kobe Bryant pass away?2020
89%
Who is the current coach of the team?Frank Vogel
74%
Who got traded to the Pelicans in the blockbuster 2019 trade for Anthony Davis?Brandon Ingram, Josh Hart, Lonzo Ball, picks
72%
Who is the all-time leading scorer for the Lakers?Kobe Bryant
69%
At what pick did the Lakers select Lonzo Ball in the 2017 NBA draft?2nd
67%
Who is the current general manager of the team?Rob Pelinka
61%

Score Distribution

Percentile by Number Answered

Percent of People with Each Score

Your Score History

You have not taken this quiz